Environment and forestry management
| Format: | Book |
|---|---|
| Language: | English |
| Published: |
Tokyo :
Asian Productivity Organization ,
1993
|
| Subjects: |
MARC
| LEADER | 00000cam a2200000 7i4500 | ||
|---|---|---|---|
| 001 | 0000003954 | ||
| 005 | 20230623.0 | ||
| 008 | 991207 ja eng | ||
| 020 | |a 9283321243 (pbk) | ||
| 040 | |a INS | ||
| 090 | 0 | 0 | |a SD641 |b .E56 1993 |
| 245 | 0 | 0 | |a Environment and forestry management |
| 260 | |a Tokyo : |b Asian Productivity Organization , |c 1993 | ||
| 300 | |a 297 p. : |b ill. ; |c 26 cm. | ||
| 650 | 0 | |a Forest and forestry | |
| 650 | 0 | |a Forest management | |
| 999 | |a 0000005195 |b BOOK |c Open Shelf |e Default branch | ||